000 01086cam a22002655a 4500
001 L157743
002 19226
008 090127s2008 xxk f 000 0 eng d
020 _a9780080970615
035 _a(Sirsi) u157743
041 0 _aeng
050 0 4 _a690 $2 18
100 1 _aChudley, Roy
245 0 0 _aBuilding Construction Handbook
250 _a9th ed.
260 _aOxford
_bRoutledge
_c2013
300 _axi, 900p.
_bill.
_c24cm.
350 _a22.49
505 2 _aGeneral -- Site work -- Builders plant -- Substructure -- Superstructure 1 -- Superstructure 2 -- Internal construction and finishes -- Domestic services
520 _aThis book is is a detailed reference of construction building elements. The principles and processes of building construction practice are explained by giving drawings and clearly presented in plain language. This edition includes updated information on green building issues, sustainable construction and energy conservation.
651 4 _aUnited Kingdom
_y
690 _aBUILT ENVIRONMENT
700 1 _aGreeno, Roger
942 _n0
999 _c114947
_d114947